| 000 | 01079nam a22002657a 4500 | ||
|---|---|---|---|
| 001 | BD-DhSAU 9278 | ||
| 003 | BD-DhSAU | ||
| 005 | 20260512115354.0 | ||
| 008 | 260512b2018 bg a|||| m||| 00| 0 eng d | ||
| 040 | _aBD-DhSAU | ||
| 082 |
_222 _a631.4 _bSa314 |
||
| 100 |
_aISLAM, MD. SALAMUN _eRegistration # 22010080 |
||
| 245 |
_aResponse of potato (solanum tuberosum) to natural elicitors (salicylic acid, yeast extracts and chitosan) / _bMS thesis |
||
| 260 |
_aSher-e-Bangla Agricultural University; _bDepartment of Soil Science, ; _c2024. |
||
| 300 |
_avii, 77p. : _bill. ; _c30 cm. |
||
| 500 | _aMS thesis of Department of Soil Science, ;, Faculty of Agriculture. Sher-e-Balgla Agricultural University Dhaka-1207 | ||
| 504 | _aIncludes bibliographical reference. | ||
| 590 | _aNazmul | ||
| 650 | _apotato (solanum tuberosum) | ||
| 650 | _anatural elicitors (salicylic acid, yeast extracts and chitosan) | ||
| 700 |
_aProf. Dr. Mohammad Issak _eSuperviser |
||
| 710 |
_eCo-Superviser _aAssoc. Prof. Dr. A.S.M. Fazle Bari |
||
| 942 |
_2ddc _cTHESIS |
||
| 999 |
_c18384 _d18383 |
||